LDR 01679naa#a2200181#i#450# 001 RU\\bibl\121743 005 20260501080520.5 011 ## _a1998-8990 100 ## _a20260423b2026####ek#y0rusy0150####ca 102 ## _aRU 200 1# _aО ВОПРОСАХ ОБЕСПЕЧЕНИЯ ПОЖАРНОЙ БЕЗОПАСНОСТИ МОРСКИХ НЕФТЕГАЗОДОБЫВАЮЩИХ СТАЦИОНАРНЫХ ПЛАТФОРМ В УСЛОВИЯХ АРКТИКИ _eЖурнальная статья 210 1# _aСанкт-Петербург _cСанкт-Петербургский университет Государственной противопожарной службы Министерства Российской Федерации по делам гражданской обороны, чрезвычайным ситуациям и ликвидации последствий стихийных бедствий имени Героя Российской Федерации генерала армии Е.Н. Зиничева _d2026 215 ## _a9 с. 608 ## _aЖурнальная статья _2local 675 ## _aПроцесс пожара. Виды пожаров. Особые случаи пожара. Противопожарная защита. Противопожарная защита, тушение пожаров в особых случаях. 614.841.4 _aОгнетушительные установки. Комбинированные установки для извещения и огнетушения. 614.844 _z 700 #1 _aСытдыков _gМаксим Равильевич 700 #1 _aАбдуллаева _gЮлия Сергеевна 856 4# _ajournals.igps.ru _u